000 00859cad a22002295a 4500
001 L155432
008 120321s2012 xxk g 000 0 eng d
020 _a9781904818717
035 _a(Sirsi) u155432
041 0 _aeng
110 2 _aConcrete Centre
_95831
245 0 0 _aThermal mass explained
_b2012 update
_h[electronic resource]
260 _aCamberley
_bMPA
_c2012
520 _aThis guide explains what thermal mass is and how best to utilise it.
590 _aKA NTK
651 4 _aInternational
690 _aSustainability
_96271
690 _aBuilding materials and defects
710 2 _aMineral Products Association
_95839
856 4 0 _uhttps://www.concretecentre.com/online_services/publication_library/publication_details.aspx?PublicationId=781
_zRegister to download this publication free of charge at www.concretecentre.com
942 _n0
999 _c113570
_d113570